| 000 -LEADER |
| fixed length control field |
01224pab a2200181 454500 |
| 008 - FIXED-LENGTH DATA ELEMENTS--GENERAL INFORMATION |
| fixed length control field |
180718b2002 xxu||||| |||| 00| 0 eng d |
| 100 ## - MAIN ENTRY--PERSONAL NAME |
| Personal name |
Stephen, John |
| 245 ## - TITLE STATEMENT |
| Title |
Seeing the forst and the trees: balancing functional and integrative knowledge using large-scale simulations in capstone business strategy class |
| 260 ## - PUBLICATION, DISTRIBUTION, ETC. |
| Date of publication, distribution, etc. |
2002 |
| 300 ## - PHYSICAL DESCRIPTION |
| Extent |
p.164-93. |
| 362 ## - DATES OF PUBLICATION AND/OR SEQUENTIAL DESIGNATION |
| Dates of publication and/or sequential designation |
Apr |
| 520 ## - SUMMARY, ETC. |
| Summary, etc. |
The purpose of capstone classes in business administration is to integrate prior coursework into a solid foundation from which to begin business careers. This study assesses the extent to which a large-scale simulation pedagogy results in students' acquisition of an integrative perspective by the end of the course. The authors empirically test three hypotheses that specifically involve the use of either a functional or an integrative lens. The results provide promising evidence that the large-scale simulation approach is effective in helping students recognize the importance of integrating functional knowledge and developing an integrative lens. - Reproduced. |
| 650 ## - SUBJECT ADDED ENTRY--TOPICAL TERM |
| Topical term or geographic name entry element |
Management education |
| 700 ## - ADDED ENTRY--PERSONAL NAME |
| Personal name |
Brown, Randy C. |
| 700 ## - ADDED ENTRY--PERSONAL NAME |
| Personal name |
Parente Diane H. |
| 773 ## - HOST ITEM ENTRY |
| Main entry heading |
Journal of Management Education |
| 909 ## - |
| -- |
52023 |